Automatizácia logistiky a digitálne dvojča

Termín digitálne dvojča (DD), vysvetlenie podstaty, jej praktické využitie v priemysle. Riadiaci agent v logistike.

Saved in:
Bibliographic Details
Main Author: Bílik, Peter
Format: Book Chapter
Language:Slovak
Subjects:
Tags: Add Tag
No Tags, Be the first to tag this record!

MARC

LEADER 00000naa a2200000 4500
001 0256277
005 20240426132354.4
041 0 |a slo 
044 |a SK 
245 1 0 |a Automatizácia logistiky a digitálne dvojča  |c Peter Bílik 
520 |a Termín digitálne dvojča (DD), vysvetlenie podstaty, jej praktické využitie v priemysle. Riadiaci agent v logistike. 
610 2 0 |a technológie nové 
610 2 0 |a priemysel 4.0 
610 2 0 |a digitalizácia 
610 2 0 |a logistika 
610 2 0 |a automatizácia 
610 2 0 |a dvojča digitálne 
100 1 |a Bílik, Peter